After the trade is made processing securies transactions (Record no. 84466)

MARC details
000 -LEADER
fixed length control field 00484nam a2200181Ia 4500
008 - FIXED-LENGTH DATA ELEMENTS--GENERAL INFORMATION
fixed length control field 230125s9999 xx 000 0 und d
041 ## - LANGUAGE CODE
Language code of text/sound track or separate title eng
082 ## - DEWEY DECIMAL CLASSIFICATION NUMBER
Classification number 658.472
Item number WEI
100 ## - MAIN ENTRY--PERSONAL NAME
Personal name Weiss D M
9 (RLIN) 107280
245 ## - TITLE STATEMENT
Title After the trade is made processing securies transactions
250 ## - EDITION STATEMENT
Edition statement 2nd ed
260 ## - PUBLICATION, DISTRIBUTION, ETC. (IMPRINT)
Date of publication, distribution, etc. 1997
Name of publisher, distributor, etc. Prentice Hall
300 ## - PHYSICAL DESCRIPTION
Extent 500p
500 ## - GENERAL NOTE
Keywords Securities market,Stock market
650 ## - SUBJECT ADDED ENTRY--TOPICAL TERM
Topical term or geographic name as entry element General
9 (RLIN) 107281
700 ## - ADDED ENTRY--PERSONAL NAME
Personal name Weiss D M
9 (RLIN) 107280
Holdings
Withdrawn status Lost status Damaged status Not for loan Home library Current library Date acquired Vendor Cost, normal purchase price Total Checkouts Full call number Barcode Date last seen Cost, replacement price Bill Date Koha item type Original Barcode
        Smt. Hiraben Nanavati Institute of Management & Research for Women Smt. Hiraben Nanavati Institute of Management & Research for Women 23/10/1997 Popular Book House 150.00   658.472 WEI B00636 HIMR-BK-636 25/01/2023 150.00 11/12/1997 Books B00636